Underwater acoustics handbook

Uloženo v:
Podrobná bibliografie
Hlavní autor: Albers, Vernon M (Autor)
Médium: Kniha
Jazyk:angličtina
Vydáno: State College Pennsylvania State University 1965
Témata:
Tagy: Přidat tag
Žádné tagy, Buďte první, kdo vytvoří štítek k tomuto záznamu!

MARC

LEADER 00000nam a2200000 a 4500
001 UCV5173
003 CL-VaPUC
008 920821e19650000US |||||||||||||||||eng|d
082 0 4 |a 620.25  |b ALB  |2 21 
100 0 |a Albers, Vernon M  |e author  |9 299469 
245 1 0 |a Underwater acoustics handbook 
300 |a v 
942 |c BK 
945 |d 19920821 00:00:00 
260 |a State College  |b Pennsylvania State University  |c 1965 
650 0 |a Acústica subacuática  |9 261795 
650 0 |a Sonido   |9 261796 
583 |a last modification  |c 20120718 12:01:46  |k Rodrigo Vera 
999 |c 211762  |d 211760 
952 |0 0  |1 0  |2 ddc  |4 0  |6 620_250000000000000_ALB_1965  |7 0  |8 CCM  |9 191660  |a BIBCUR  |b BIBCUR  |c PAC  |d 2019-11-14  |h v.2  |i 2591952  |o 620.25 ALB 1965  |p 2591952  |r 2025-04-22  |w 2019-11-14  |y BK  |k CIM